L'evolution littéraire dans les diverses races huamines / (Record no. 157633)

MARC details
000 -LEADER
campo de control de longitud fija 00702nam a22001935i 4500
001 - NÚMERO DE CONTROL
campo de control 157633
003 - IDENTIFICADOR DE NÚMERO DE CONTROL
campo de control ES-MaACL
005 - FECHA Y HORA DE LA ÚLTIMA TRANSACCIÓN
campo de control 20230906210754.0
008 - DATOS DE LONGITUD FIJA--INFORMACIÓN GENERAL
campo de control de longitud fija 020807s1894 fr |||| | fre d
040 ## - FUENTE DE CATALOGACIÓN
Centro catalogador/agencia de origen CCPB | B
Lengua de catalogación spa
Centro/agencia transcriptor CCPB | B
100 1# - ENTRADA PRINCIPAL--NOMBRE DE PERSONA
Nombre de persona Letourneau, Charles.
9 (RLIN) 71888
245 12 - MENCIÓN DEL TÍTULO
Título L'evolution littéraire dans les diverses races huamines /
Mención de responsabilidad, etc. par Ch. Letourneau.
260 ## - PUBLICACIÓN, DISTRIBUCIÓN, ETC.
Lugar de publicación, distribución, etc. Paris :
Nombre del editor, distribuidor, etc. L. Battaille et Cie,
Fecha de publicación, distribución, etc. 1894 (
Lugar de fabricación/manufactura Bar-Sur-Seine :
Fabricante Imprimerie Saillard)
300 ## - DESCRIPCIÓN FÍSICA
Extensión VII, 574 p. ;
Dimensiones 21 cm.
490 1# - MENCIÓN DE SERIE
Mención de serie Bibliothèque anthropologique ;
Designación de volumen o secuencia 15
830 0# - PUNTO DE ACCESO ADICIONAL DE SERIE-TÍTULO UNIFORME
Título uniforme Bibliothèque anthropologique ;
Designación de volumen o secuencia 15
9 (RLIN) 187951
852 ## - LOCALIZACIÓN
Ubicación ES-MaACL
Número de control de estantería F-14326
Nota libre -- Enc. pasta española
Holdings
Estatus retirado Estado de pérdida Estado de daño No para préstamo Colección Biblioteca de origen Biblioteca actual Ubicación en estantería Fecha de adquisición Fuente de adquisición Total de préstamos Signatura topográfica completa Código de barras Visto por última vez Precio de reemplazo Tipo de ítem Koha
        Libros del s. XIX Biblioteca del Ateneo de Madrid Biblioteca del Ateneo de Madrid Sala Pecera Planta 2 17/01/2008     F-14326 1164958 23/02/2023 23/02/2023 Libro impreso antiguo